Venäjän keisarit - Statistics

Yleistilastot
  • Tätä visaa on pelattu 50 kertaa
  • Keskiarvotulos 9 / 14
Vastaustilastot
Vuodet Keisari % Oikein
1825-1855 Nikolai I
95%
1894-1917 Nikolai II
95%
1801-1825 Aleksanteri I
93%
1855-1881 Aleksanteri II
93%
1881-1894 Aleksanteri III
90%
1721-1725 Pietari I Suuri
80%
1762-1796 Katariina II Suuri
68%
1727-1730 Pietari II
61%
1762 Pietari III
59%
1725-1727 Katariina I
44%
1796-1801 Paavali I
44%
1730-1740 Anna
29%
1741-1762 Elisabet
29%
1740-1741 Iivana VI
17%
Ehtoja vastaavia visoja ei löytynyt
Tulosjakauma
Jokaisen tuloksen saaneiden osuus
Persentiili vastausten määrän mukaan
Tuloshistoriasi
Et ole pelannut tätä visaa